000 00484nam a2200145Ia 4500
008 100122s9999 xx 000 0 und d
082 _b7491
_a823.08
100 _aसरदेसाई लक्ष्मणराव
245 _aसंसारातील अमृत
260 _bताडदेव बुक डेपो
_c1950
300 _a164
630 _aसंसारातील अमृत
730 _aसंसारातील अमृत
942 _cBOOK
999 _c400172
_d400169